| 000 | 02391cam a22005534i 4500 | ||
|---|---|---|---|
| 003 | PE-LiUPU | ||
| 005 | 20250731180124.0 | ||
| 008 | 150623s r 000 0 d | ||
| 020 | _a9688809608 | ||
| 035 | _a(Sirsi) i9789688809600 | ||
| 040 |
_aPE-LiUPU _bspa _cPE-LiUPU _erda |
||
| 049 | _aPRUA | ||
| 082 | 0 | 4 |
_a519.5262 _bM42 _221 |
| 100 | 1 |
_aMendenhall, William, _eautor. |
|
| 245 | 1 | 0 |
_aProbabilidad y estadística : _bpara ingeniería y ciencias / _cWilliam Mendenhall. |
| 250 | _a4a | ||
| 264 | 1 |
_aMéxico, DF : _bPrintice-Hall Hispanoamericana, _c1997. |
|
| 300 |
_a1182 páginas : _bilustraciones, gráficos diagrámas ; _c25 centímetros |
||
| 300 | _aCD-Disquete | ||
| 336 |
_atext _2rdacontent |
||
| 337 |
_aunmediated _2rdamedia |
||
| 338 |
_avolume _2rdacarrier |
||
| 504 | _aIncluye bibliografía al final de cada capítulo. | ||
| 505 | 0 | _aEstadística: La ciencia de los datos. Estadística descriptiva. Probabilidad. Variables aleatorias discretas. Variables aleatorias continuas. Distribuciones de probabilidad bivariables. Distribuciones de muestreo. Estimación. Pruebas de hipótesis. Análisis de datos categóricos. Regresión lineal simple. Análisis de regresión múltiple. Construcción de modelos. Análisis de varianza para experimentos diseñados. Estadística no paramétrica. Control de calidad y procesos estadísticos. Contabilidad de productos y sistemas. Álgebra de matrices. Tablas estadísticas útiles. | |
| 526 | _aSEG44 | ||
| 526 | _aSEG26 | ||
| 526 | _aP159 | ||
| 526 | _aP155 | ||
| 526 | _aP154 | ||
| 526 | _aP153 | ||
| 526 | _aP150 | ||
| 526 | _aP100 | ||
| 526 | _aP31 | ||
| 526 | _aP30 | ||
| 526 | _aP26 | ||
| 526 | _aP25 | ||
| 526 | _aP24 | ||
| 526 | _aP22 | ||
| 526 | _aP15 | ||
| 526 | _aP10 | ||
| 650 | 0 | 4 |
_aEstadística matemática. _91317 |
| 650 | 0 | 4 |
_aIngeniería _xMétodos estadísticos. |
| 942 |
_2ddc _cBOOK |
||
| 949 |
_a519.5262 M42 _wDEWEY _c1 _i53321 _d2015-11-26 _e2015-11-25 _lCCODEBUL1 _mBUL _n1 _p53.00 _r0 _sY _tBOOK _u2015-6-24 _xINGENIERIA _zUNKNOWN _0COMPRA _o.STAFF. Colección General |
||
| 994 |
_aC0 _bPEPRU |
||
| 596 | _a1 | ||
| 999 |
_a519.5262 M42 _wDEWEY _c35284 _i53321 _d35284 _e2019-3-17 _f2021-11-9 _g7 _lCCODEBUL1 _mBUL _n5 _p53.00 _q3 _r0 _sY _tBOOK _u2015-6-24 _xINGENIERIA _zUNKNOWN _0COMPRA _o.STAFF. Colección General |
||
| 980 |
_81 _gALBERTO SANCHEZ Responsable de Automatización |
||